000 00359 a2200157 4500
001 184206
020 _a85-2810-059-6
040 _cMagnum
100 _aRocha, Ruth
240 1 0 _aO rei que não sabia de nada
_lpor
245 1 0 _aO rei que não sabia de nada
300 _a
440 1 _aSalamandra
697 _aLITERATURA INFANTO-JUVENIL
942 _cBK
999 _c184206
_d184206